000 00845nam a2200229Ia 4500
003 GCL
005 20240530110120.0
008 140319s9999 xx 000 0 ara d
040 _aGCL /
_cGCL
082 0 4 _a331
_bم ق
100 1 _aمحمد عزيز (مترجم)
245 1 0 _aفصول فى التكامل الاقتصادى - الغربى - الاشتراكى - اللاتينى - العربى /
_cمحمد عزيز (مترجم)
260 _a[S.N] :
_bجامعة قاريونس - كلية الاقتصاد
300 _a173 ص
650 0 4 _aالاقتصاد
650 0 4 _aالتكامل الاقتصادى
650 0 4 _aالاجتماع
650 0 4 _aالاجتماع الاقتصادى
650 0 4 _aالتكامل الاقتصادى العربى
650 0 4 _aالتكامل الاقتصادى الدولى
942 _2ddc
_cBK
999 _c58687
_d58687